1698 1363 1193 1151 1757 1025 1890 1353 1903 1800 1176 1510 1921 1974 1327 1734 1088 1235 1505 1772 1941 1659 1352 1381 1813 1872 1320 1564 1865 1284 1070 1216 1114 1441 1839 1882 1011 1609 1554 1618 1170 1356 1872 1732 1457 1928 1033 1687 1595 1768 1341 1212 1190 1715 1811 1110 1824 1472 1387 1431 1219 1372 1502 1401 1186 1530 1819 1880 1564 1753 1929 1356 1331 1446 1031 1564 1235 1504 1995 1834 1074 1709 1107 1903 1183 1045 1519 1863 1230 1569 1186 1513 1068 1158 1921 1244 1356 1889 1540 BCNSPRNW ULIB Ver.6.0+V

เปลี่ยนเป็นภาษาไทย

Change to English
 แสดงรายละเอียดบรรณานุกรม
  กลับหน้าหลัก

Brief Record : Get Marc (ISO 2709) : E-mail record : QR code < ปิดหน้าต่าง
LEADER : 00000nam 2200000uu 4500
001    13399121041
003     ULIB
008    121031s2551||||th 000 0 tha d
099    วจ.BF637^bม511ป
100 0  มาลี เกื้อนพกุล, อรอนงค์ ทวนพรมราช และอภิญญา เพียรเจริญ
245 00 ปัจจัยที่มีอิทธิพลต่อความสุขในการทำงานของบุคลากรวิทยาลัยพยาบาลบรมราชชนนี กรุงเทพ^cมาลี เกื้อนพกุล, อรอนงค์ ทวนพรมราช และอภิญญา เพียรเจริญ
260    กรุงเทพฯ :^bวิทยาลัยพยาบาลบรมราชชชนนี กรุงเทพ,^c2551
300    112 แผ่น
650  0 ความสุขในการทำงาน^xวิจัย
945    ^p0^l0^i032876
995    เกษร
999    ^aวิภา
รายการนี้ยังไม่มีแท็ก
คุณยังไม่ได้ล็อกอิน คุณสามารถมีกิจกรรมร่วมกับเว็บไซต์ได้ แต่ต้องล็อกอินก่อน ::
  ล็อกอิน

รายการสื่อสารสนเทศ

ลำดับที่ ประเภท เลขเรียก/บาร์โค้ด สถานที่ สถานะ
1. งานวิจัย
งานวิจัย
วจ.BF637 ม511ป  
  Barcode: 032876
ห้องสมุดวิทยาเขตสวรรค์ประชารักษ์
►วิจัย
ถูกยืม กำหนดส่งวันที่ 7 พฤษภาคม 2558
  จอง

BibComment


ยังไม่เคยถูกคอมเมนท์

คอมเมนท์ทรัพยากรรายการนี้
  คอมเมนท์: ปัจจัยที่มีอิทธิพ..


 Copyright 2026. Bcnsprnw @Library